000 00444nam a2200169Ia 4500
003 Ost
005 20260225132600.0
008 260225s9999||||xx |||||||||||||| ||und||
020 _a9789961655856
040 _cfsic
041 _afre
082 _a70.4
100 _atahar beddiar
_eAuteur
245 0 _al'ouverture de l'audiovisuel en algérie :
245 0 _bprocédure et modalités de mise en oeuvre /
_ctahar beddiar
942 _cكتاب
999 _c34727
_d34727